[Event "Caioba Telecom op"]
[Site "Caioba"]
[Date "2016.08.27"]
[Round "3"]
[White "Mainardes, Christian Junior"]
[Black "Stedile Neto, Ernesto"]
[Result "1/2-1/2"]
[WhiteElo "1728"]
[BlackElo "2023"]
[PlyCount "113"]
[EventDate "2016.08.26"]
[EventType "swiss"]
[EventRounds "6"]
[EventCountry "BRA"]
[SourceTitle "CBM 174 Extra"]
[Source "ChessBase"]
[SourceDate "2016.10.10"]
[SourceVersion "1"]
[SourceVersionDate "2016.10.10"]
[SourceQuality "1"]

1. c4 e5 2. Nc3 f5 3. e3 Nf6 4. g3 Nc6 5. Bg2 Nb4 6. d4 e4 7. Bf1 c5 8. a3 Na6 9. Nge2 Nc7 10. d5 Bd6 11. Bg2 h5 12. h4 Ng4 13. Bh3 Ne5 14. 0-0 Nf3+ 15. Kg2 Qf6 16. Nf4 g5 17. hxg5 Qxg5 18. Nce2 b6 19. Rh1 Ba6 20. b3 0-0-0 21. Qc2 h4 22. Kf1 hxg3 23. Nxg3 b5 24. Rb1 Rdg8 25. Nfe2 b4 26. axb4 cxb4 27. Ra1 Rh6 28. Bg2 Rxh1+ 29. Bxh1 Qh6 30. Bxf3 exf3 31. Qxf5 fxe2+ 32. Kxe2 Bxg3 33. fxg3 Rf8 34. Qe5 Qh2+ 35. Kd3 Qh7+ 36. e4 Re8 37. Qd4 d6 38. Bf4 Qg6 39. Ke3 Kd7 40. Rh1 Bb7 41. Rh6 Qf5 42. Rxd6+ Kc8 43. Rf6 Rxe4+ 44. Qxe4 Qxf6 45. Qe5 Qxe5+ 46. Bxe5 Nxd5+ 47. cxd5 Bxd5 48. Bd6 a5 49. Kd4 Bxb3 50. Kc5 Kd7 51. Bf4 Ke6 52. Kb5 Bd1 53. Kxa5 b3 54. Bc1 Kf5 55. Kb4 Kg4 56. Kc3 Kxg3 57. Bb2 1/2-1/2

[Event "BRA-ch U18"]
[Site "Itajai"]
[Date "2016.06.11"]
[Round "5"]
[White "Mainardes, Christian Junior"]
[Black "Maciel, Diogo Alves"]
[Result "0-1"]
[WhiteElo "1643"]
[BlackElo "1868"]
[PlyCount "48"]
[EventDate "2016.06.09"]
[EventType "swiss"]
[EventRounds "6"]
[EventCountry "BRA"]
[SourceTitle "CBM 172 Extra"]
[Source "ChessBase"]
[SourceDate "2016.06.21"]
[SourceVersion "1"]
[SourceVersionDate "2016.06.21"]
[SourceQuality "1"]

1. e4 c6 2. d4 d5 3. e5 Bf5 4. Bd3 Bxd3 5. Qxd3 e6 6. Ne2 Nd7 7. 0-0 Ne7 8. Ng3 h5 9. h3 h4 10. Ne2 Nf5 11. Be3 g6 12. Nd2 Qb6 13. Nb3 Be7 14. f4 a6 15. Rab1 Qb5 16. Qd2 a5 17. Bf2 a4 18. Na1 0-0 19. b3 axb3 20. axb3 Ra2 21. Qd1 Qa5 22. c3 Qb5 23. c4 Qb4 24. c5 Qd2 0-1